Highway and road traffic law (Record no. 542535)

000 -LEADER
fixed length control field 00341nam a22001217a 4500
082 ## - DEWEY DECIMAL CLASSIFICATION NUMBER
Classification number 343.094
Author Mark MAH
-- L-18, p-2
245 ## - TITLE STATEMENT
Title Highway and road traffic law
Remainder of title MAH
260 ## - PUBLICATION, DISTRIBUTION, ETC.
Place of publication, distribution, etc. London
Name of publisher, distributor, etc. Edward Arnold & Co
Date of publication, distribution, etc. 1935
300 ## - PHYSICAL DESCRIPTION
Extent v, 202, :
Other physical details ill, ;
Dimensions 20 cm.
Accompanying material MCE
526 ## - STUDY PROGRAM INFORMATION NOTE
Program name 0
Interest level 0
Reading level 0
Title point value 343_094000000000000_MAH
650 ## - SUBJECT ADDED ENTRY--TOPICAL TERM
Topical term or geographic name entry element MCE
9 (RLIN) 379
942 ## - ADDED ENTRY ELEMENTS (KOHA)
Source of classification or shelving scheme
Koha item type Book
Holdings
Withdrawn status Lost status Source of classification or shelving scheme Damaged status Not for loan Permanent Location Current Location Date acquired Total Checkouts Full call number Barcode Date last seen Copy number Price effective from Koha item type
          Military College of Engineering (MCE) Military College of Engineering (MCE) 01/09/2014   343.094 MAH MCE-30724 01/09/2014 1 01/09/2014 Book
© 2023 Central Library, National University of Sciences and Technology. All Rights Reserved.